[Event "Morbihan-ch 0506"]
[Site "Arradon"]
[Date "2006.02.11"]
[Round "5"]
[White "Grouazel, Fernand"]
[Black "Le Douzet, Marc"]
[Result "1-0"]
[WhiteElo "1550"]
[BlackElo "1499"]
[PlyCount "71"]
[EventDate "2005.10.01"]
[EventType "swiss"]
[EventRounds "7"]
[EventCountry "FRA"]
[SourceTitle "EXT 2007"]
[Source "ChessBase"]
[SourceDate "2006.11.23"]
[SourceVersion "1"]
[SourceVersionDate "2006.11.23"]
[SourceQuality "1"]

1. e4 e5 2. Nf3 Nc6 3. Bb5 Nf6 4. 0-0 Bc5 5. d3 0-0 6. Bxc6 bxc6 7. Nxe5 d6 8. Nxc6 Qe8 9. Na5 Ng4 10. h3 Ne5 11. d4 Bxd4 12. Qxd4 Bxh3 13. Qe3 Bg4 14. Bd2 Qb5 15. Bc3 Rfe8 16. Nd2 Bd7 17. Nab3 Ng4 18. Qg3 Qh5 19. Rae1 Re6 20. f3 Ne5 21. Qh2 Qg6 22. Bxe5 Rxe5 23. Nd4 Rh5 24. Qf4 Bh3 25. g4 Rg5 26. Kf2 Bxf1 27. Rxf1 Rb8 28. Nc6 Re8 29. b4 Re6 30. Qe3 Rf6 31. Ne7+ Kf8 32. Nxg6+ Rgxg6 33. Qxa7 Rxg4 34. Qb8+ Ke7 35. Qxc7+ Ke8 36. Qc8+ 1-0

[Event "Morbihan-ch 0506"]
[Site "Arradon"]
[Date "2005.12.10"]
[Round "3"]
[White "Le Douzet, Marc"]
[Black "Ropert, Mickael"]
[Result "0-1"]
[WhiteElo "1499"]
[BlackElo "1430"]
[PlyCount "60"]
[EventDate "2005.10.01"]
[EventType "swiss"]
[EventRounds "7"]
[EventCountry "FRA"]
[SourceTitle "EXT 2007"]
[Source "ChessBase"]
[SourceDate "2006.11.23"]
[SourceVersion "1"]
[SourceVersionDate "2006.11.23"]
[SourceQuality "1"]

1. d4 Nf6 2. Bf4 Nc6 3. e3 g6 4. Bb5 Bg7 5. Nc3 d5 6. Nge2 Bd7 7. 0-0 0-0 8. a3 a6 9. Bd3 Re8 10. e4 dxe4 11. Bxe4 Nxe4 12. Nxe4 Bf5 13. N4g3 Nxd4 14. Nxd4 Bxd4 15. Nxf5 gxf5 16. Qf3 Qc8 17. Rad1 Bg7 18. Qg3 Kh8 19. Rfe1 Rg8 20. Rxe7 Bf6 21. Qe3 Bxe7 22. Qxe7 Qf8 23. Qxc7 Rc8 24. Qxb7 Rxc2 25. Rd7 Qg7 26. g3 Rxb2 27. Qc7 Re2 28. Kg2 Qb2 29. Kf1 Rxf2+ 30. Ke1 Qe2# 0-1